Words Mentioned in the U.S. National Anthem - Sudden Death - Statistics

General Stats
  • This quiz has been taken 473 times
  • The average score is 7 of 15
Answers on the Grid
Answers color-coded by a green-red scale on the quiz's grid according to % correct below.
say
light
proudly
hailed
gleaming
ramparts
gallantly
proof
night
flag
banner
land
perilous
bombs
wave
America
united
stand
Washington
British
down
salute
fly
skies
wake
birth
nation
great
live
die
 
Answer Stats
Answer % Correct
say
59%
flag
56%
banner
55%
bombs
55%
proudly
52%
gallantly
50%
ramparts
50%
gleaming
49%
light
49%
night
46%
hailed
43%
perilous
41%
land
40%
proof
35%
wave
35%
No matching quizzes found
Score Distribution
Percent of People with Each Score
Percentile by Number Answered
Your Score History
You have not taken this quiz